[Event "Szolnok Agora op 2nd"]
[Site "Szolnok"]
[Date "2023.07.01"]
[Round "6"]
[White "Benyeda, Tibor"]
[Black "Horvath, Andras2"]
[Result "0-1"]
[WhiteElo "1429"]
[BlackElo "1541"]
[PlyCount "78"]
[EventDate "2023.06.29"]
[EventType "swiss"]
[EventRounds "7"]
[EventCountry "HUN"]
[SourceTitle "EXT 2024"]
[Source "ChessBase"]
[SourceDate "2023.10.10"]
[SourceVersion "1"]
[SourceVersionDate "2023.10.10"]
[SourceQuality "1"]

1. d4 d5 2. c4 e6 3. Nc3 Nf6 4. cxd5 exd5 5. Bg5 Be7 6. Nf3 0-0 7. e3 Nbd7 8. Bd3 h6 9. Bh4 c6 10. 0-0 Re8 11. Rb1 b5 12. b4 Nb6 13. a4 a6 14. Ne5 Qc7 15. Bg3 Bd6 16. a5 Nc4 17. Nxc4 bxc4 18. Bxd6 Qxd6 19. Be2 Bf5 20. Rb2 Rab8 21. Qa4 Re7 22. Re1 Reb7 23. e4 Nxe4 24. Nxe4 Bxe4 25. f3 Bg6 26. Bd1 Qf6 27. Kh1 Qxd4 28. Rbe2 Qf6 29. Re8+ Kh7 30. Rxb8 Rxb8 31. Bc2 d4 32. Bxg6+ Qxg6 33. h3 d3 34. Re4 Qd6 35. Rxc4 d2 36. Qd1 Rxb4 37. Rxb4 Qxb4 38. g4 Qc3 39. Qb1+ g6 0-1

[Event "Budapest FS08 FM-B"]
[Site "Budapest"]
[Date "2014.08.08"]
[Round "7"]
[White "Benyeda, Tibor"]
[Black "Gruz, Janos"]
[Result "1/2-1/2"]
[WhiteElo "1648"]
[BlackElo "1740"]
[PlyCount "31"]
[EventDate "2014.08.02"]
[EventType "tourn"]
[EventRounds "10"]
[EventCountry "HUN"]
[SourceTitle "CBM 161 Extra"]
[Source "ChessBase"]
[SourceDate "2014.08.29"]
[SourceVersion "1"]
[SourceVersionDate "2014.08.29"]
[SourceQuality "1"]

1. Nf3 Nf6 2. c4 g6 3. Nc3 d5 4. cxd5 Nxd5 5. e4 Nxc3 6. dxc3 Qxd1+ 7. Kxd1 Bg4 8. Be2 Bg7 9. Bf4 e5 10. Be3 Nc6 11. Kc2 0-0-0 12. Rad1 Rxd1 13. Rxd1 Rd8 14. Rxd8+ Kxd8 15. b4 a6 16. a4 1/2-1/2

[Event "Budapest FS07 FM-B"]
[Site "Budapest"]
[Date "2012.07.17"]
[Round "11"]
[White "Benyeda, Tibor"]
[Black "Sandor, Laszlo"]
[Result "1/2-1/2"]
[WhiteElo "1623"]
[BlackElo "1490"]
[PlyCount "70"]
[EventDate "2012.07.07"]
[EventType "tourn"]
[EventRounds "11"]
[EventCountry "HUN"]
[SourceTitle "CBM 149 Extra"]
[Source "ChessBase"]
[SourceDate "2012.08.24"]
[SourceVersion "1"]
[SourceVersionDate "2012.08.24"]
[SourceQuality "1"]

1. Nf3 d5 2. b3 c6 3. Bb2 Bf5 4. e3 e6 5. d3 Nf6 6. Be2 Nbd7 7. Nbd2 Be7 8. 0-0 0-0 9. Ne5 Nxe5 10. Bxe5 Nd7 11. d4 Nxe5 12. dxe5 f6 13. Nf3 Qc7 14. exf6 Bxf6 15. Rb1 Qa5 16. a4 Qc3 17. Bd3 Bxd3 18. Qxd3 Qxd3 19. cxd3 e5 20. b4 Rfe8 21. d4 exd4 22. exd4 Re4 23. Rfd1 a6 24. h3 Re7 25. Re1 Rae8 26. Rxe7 Rxe7 27. b5 axb5 28. axb5 Rc7 29. Rc1 Kf7 30. Ne5+ Bxe5 31. dxe5 c5 32. Kf1 b6 33. f4 Ke6 34. g4 g6 35. Ra1 Rb7 1/2-1/2

[Event "Budapest FS07 FM-B"]
[Site "Budapest"]
[Date "2012.07.12"]
[Round "6"]
[White "Benyeda, Tibor"]
[Black "Prohaszka, Gyula Imre"]
[Result "1-0"]
[WhiteElo "1623"]
[BlackElo "1260"]
[PlyCount "21"]
[EventDate "2012.07.07"]
[EventType "tourn"]
[EventRounds "11"]
[EventCountry "HUN"]
[SourceTitle "CBM 149 Extra"]
[Source "ChessBase"]
[SourceDate "2012.08.24"]
[SourceVersion "1"]
[SourceVersionDate "2012.08.24"]
[SourceQuality "1"]

1. Nf3 d5 2. g3 c6 3. Bg2 Bf5 4. d3 e6 5. 0-0 Nf6 6. Nbd2 Bd6 7. Qe1 0-0 8. e4 dxe4 9. dxe4 Nxe4 10. Nxe4 Bb4 11. Qxb4 1-0

[Event "Budapest FS06 FM-B"]
[Site "Budapest"]
[Date "2011.06.14"]
[Round "11"]
[White "Somogyi, Gabor"]
[Black "Benyeda, Tibor"]
[Result "1-0"]
[WhiteElo "1960"]
[BlackElo "1652"]
[PlyCount "77"]
[EventDate "2011.06.04"]
[EventType "tourn"]
[EventRounds "11"]
[EventCountry "HUN"]
[SourceTitle "CBM 142 Extra"]
[Source "ChessBase"]
[SourceDate "2011.06.27"]
[SourceVersion "1"]
[SourceVersionDate "2011.06.27"]
[SourceQuality "1"]

1. c4 e6 2. Nc3 d5 3. cxd5 exd5 4. d4 Nf6 5. Bg5 Be7 6. Nf3 c6 7. Qc2 0-0 8. e3 Nbd7 9. Bd3 h6 10. Bh4 b6 11. 0-0 Bb7 12. Rfe1 Re8 13. Bg3 a6 14. Nh4 c5 15. Nf5 Ne4 16. Bxe4 dxe4 17. Nxe4 Bxe4 18. Qxe4 Bf6 19. Qg4 Kh7 20. Rad1 cxd4 21. Nxd4 Qc8 22. Nf3 Nc5 23. Qb4 Ra7 24. Nd4 Qb7 25. Nf5 Re4 26. Qd2 Qc6 27. Nd4 Qc8 28. Qc2 Kg8 29. b4 Qe8 30. bxc5 Rxd4 31. exd4 Qb5 32. c6 Ra8 33. c7 Rc8 34. d5 Qd7 35. Qe4 Bc3 36. Re2 Qb5 37. Qd3 Qb4 38. d6 f5 39. d7 1-0

[Event "Budapest FS04 FM-B"]
[Site "Budapest"]
[Date "2011.04.10"]
[Round "9"]
[White "Hegedus, Peter1"]
[Black "Benyeda, Tibor"]
[Result "1-0"]
[WhiteElo "1792"]
[BlackElo "1637"]
[PlyCount "161"]
[EventDate "2011.04.02"]
[EventType "tourn"]
[EventRounds "11"]
[EventCountry "HUN"]
[SourceTitle "CBM 141 Extra"]
[Source "ChessBase"]
[SourceDate "2011.05.03"]
[SourceVersion "1"]
[SourceVersionDate "2011.05.03"]
[SourceQuality "1"]

1. e4 c5 2. c3 d5 3. exd5 Qxd5 4. d4 Nf6 5. Nf3 e6 6. Na3 Nc6 7. Nb5 Qd8 8. dxc5 Bxc5 9. Qxd8+ Kxd8 10. Bf4 Nd5 11. 0-0-0 Bd7 12. Bg3 a6 13. Nd6 Bxd6 14. Bxd6 Rc8 15. Kb1 h6 16. Bd3 Nf6 17. h3 Ne8 18. Bc5 Nf6 19. Bc2 Kc7 20. Bd6+ Kd8 21. Rd2 Ne8 22. Bc5 Kc7 23. Rhd1 Nf6 24. Bd6+ Kd8 25. Be5 Nd5 26. c4 Nb6 27. Bxg7 Rg8 28. Bf6+ Ke8 29. Nh4 Nb8 30. b3 a5 31. Bh7 Rf8 32. Bg7 h5 33. Bxf8 Kxf8 34. Be4 Rc7 35. Bf3 Ke7 36. Bxh5 a4 37. Be2 axb3 38. axb3 Na6 39. Nf3 Nc5 40. Bd3 Nxb3 41. Rb2 Ba4 42. Bc2 Nxc4 43. Bxb3 Nxb2 44. Kxb2 Bc6 45. Rc1 Rd7 46. Rd1 Rc7 47. Ne1 Rc8 48. h4 Rg8 49. g3 Rg4 50. Rd3 Kf6 51. Bd1 Rb4+ 52. Rb3 Rd4 53. Bc2 Rd2 54. Nd3 Be4 55. Kc1 Re2 56. Rb2 Bc6 57. Bd1 Re4 58. Rb4 Rxb4 59. Nxb4 Be4 60. Kd2 Kg7 61. Ke3 f5 62. Bf3 Bxf3 63. Kxf3 Kf6 64. Ke2 Kg6 65. f3 Kh5 66. f4 b6 67. Kf3 Kg6 68. g4 fxg4+ 69. Kxg4 Kh6 70. h5 b5 71. Nc6 Kg7 72. Kg5 Kf7 73. h6 Kg8 74. Kf6 Kh7 75. Kxe6 Kxh6 76. f5 Kg7 77. f6+ Kh7 78. f7 b4 79. f8Q b3 80. Kf6 b2 81. Qg7# 1-0

[Event "Budapest Karacsonyi op 2nd"]
[Site "Budapest"]
[Date "2010.12.29"]
[Round "4"]
[White "Benyeda, Tibor"]
[Black "Lakat, Gyula"]
[Result "0-1"]
[WhiteElo "1634"]
[BlackElo "1930"]
[PlyCount "102"]
[EventDate "2010.12.27"]
[EventType "swiss"]
[EventRounds "7"]
[EventCountry "HUN"]
[SourceTitle "EXT 2022"]
[Source "ChessBase"]
[SourceDate "2021.10.06"]
[SourceVersion "1"]
[SourceVersionDate "2021.10.06"]
[SourceQuality "1"]

1. d4 Nf6 2. Nf3 e6 3. g3 c5 4. Bg5 Qa5+ 5. c3 cxd4 6. Bxf6 gxf6 7. Qxd4 Be7 8. Nbd2 Nc6 9. Qg4 h5 10. Qg7 Rf8 11. Ne4 Qf5 12. Ned2 d5 13. Bg2 Bd7 14. Nh4 Qg5 15. Qxg5 fxg5 16. Nhf3 f5 17. h3 0-0-0 18. Nd4 Nxd4 19. cxd4 Kb8 20. 0-0 Bb5 21. a3 Bf6 22. Nb3 b6 23. Rac1 Ba4 24. Rc3 Bxb3 25. Rxb3 Bxd4 26. a4 Rc8 27. a5 Kb7 28. e3 Bf6 29. Ra1 Rc2 30. a6+ Kb8 31. Rb1 Rfc8 32. Bf1 Rc1 33. Rxc1 Rxc1 34. Rb4 Rb1 35. g4 fxg4 36. hxg4 h4 37. f4 h3 38. Kf2 h2 39. Bg2 h1Q 40. Bxh1 Rxh1 41. fxg5 Bxg5 42. e4 Rh2+ 43. Kg3 Rd2 44. exd5 exd5 45. b3 Kc7 46. Kf3 Kc6 47. Ra4 Rd3+ 48. Ke2 Rxb3 49. Ra1 d4 50. Rh1 d3+ 51. Kd1 Rb1# 0-1

[Event "Budapest FS08 FM-C"]
[Site "Budapest"]
[Date "2010.08.15"]
[Round "9"]
[White "Simon, Tamas"]
[Black "Benyeda, Tibor"]
[Result "1-0"]
[WhiteElo "1788"]
[BlackElo "1642"]
[PlyCount "85"]
[EventDate "2010.08.07"]
[EventType "tourn"]
[EventRounds "11"]
[EventCountry "HUN"]
[SourceTitle "CBM 137 Extra"]
[Source "ChessBase"]
[SourceDate "2010.09.01"]
[SourceVersion "1"]
[SourceVersionDate "2010.09.01"]
[SourceQuality "1"]

1. d4 Nf6 2. c4 g6 3. Nc3 d5 4. cxd5 Nxd5 5. e4 Nxc3 6. bxc3 Bg7 7. Bc4 c5 8. Ne2 Nc6 9. Be3 cxd4 10. cxd4 Qa5+ 11. Qd2 Qxd2+ 12. Kxd2 0-0 13. Rhd1 Rd8 14. Ke1 e6 15. Rab1 a6 16. a4 Na5 17. Ba2 Nc6 18. Rd2 Bf8 19. Bg5 Rd7 20. Kf1 Bb4 21. Rdd1 b5 22. d5 Be7 23. Bxe7 Nxe7 24. dxe6 Rxd1+ 25. Rxd1 Bxe6 26. Bxe6 fxe6 27. axb5 axb5 28. Nd4 Rd8 29. Ke2 b4 30. Nxe6 Rxd1 31. Kxd1 Nc6 32. Kc2 Kf7 33. Nc5 Kf6 34. Kd3 Ke5 35. Kc4 h5 36. h4 Kf4 37. Kd5 Ne7+ 38. Ke6 Nc6 39. Kf6 Ne5 40. g3+ Kf3 41. Kxe5 Kxf2 42. Kf6 Kxg3 43. Kg5 1-0

[Event "Budapest FS08 FM-C"]
[Site "Budapest"]
[Date "2010.08.12"]
[Round "6"]
[White "Bohus, Adam"]
[Black "Benyeda, Tibor"]
[Result "1/2-1/2"]
[WhiteElo "1617"]
[BlackElo "1642"]
[PlyCount "27"]
[EventDate "2010.08.07"]
[EventType "tourn"]
[EventRounds "11"]
[EventCountry "HUN"]
[SourceTitle "CBM 137 Extra"]
[Source "ChessBase"]
[SourceDate "2010.09.01"]
[SourceVersion "1"]
[SourceVersionDate "2010.09.01"]
[SourceQuality "1"]

1. d4 d6 2. c4 e5 3. dxe5 dxe5 4. Qxd8+ Kxd8 5. Nf3 f6 6. Nc3 c6 7. e4 Nd7 8. Be3 Bc5 9. Bxc5 Nxc5 10. 0-0-0+ Kc7 11. b4 Nd7 12. Bd3 Ne7 13. Nd2 Rf8 14. a3 1/2-1/2

[Event "Budapest FS08 FM-C"]
[Site "Budapest"]
[Date "2010.08.07"]
[Round "1"]
[White "Benyeda, Tibor"]
[Black "Nagy, Peter"]
[Result "1/2-1/2"]
[WhiteElo "1642"]
[BlackElo "2050"]
[PlyCount "81"]
[EventDate "2010.08.07"]
[EventType "tourn"]
[EventRounds "11"]
[EventCountry "HUN"]
[SourceTitle "CBM 137 Extra"]
[Source "ChessBase"]
[SourceDate "2010.09.01"]
[SourceVersion "1"]
[SourceVersionDate "2010.09.01"]
[SourceQuality "1"]

1. Nf3 Nf6 2. c4 e6 3. b3 c5 4. Bb2 b6 5. e3 Bb7 6. Be2 Nc6 7. 0-0 d5 8. d4 cxd4 9. exd4 Be7 10. a3 0-0 11. Nc3 Ne4 12. Bd3 f5 13. cxd5 exd5 14. Ne2 Qd6 15. Bc1 Rad8 16. Bf4 Qg6 17. b4 a6 18. Bc7 Rc8 19. Bxb6 Nxb4 20. axb4 Qxb6 21. Ne5 Rc7 22. f4 Nc3 23. Qb3 Nxe2+ 24. Bxe2 Qxd4+ 25. Kh1 Qxb4 26. Qxb4 Bxb4 27. Bxa6 Bxa6 28. Rxa6 d4 29. Nc6 Bc3 30. Rd1 Re8 31. Ne5 Rec8 32. g3 Bb2 33. Nd3 Bc3 34. Kg2 Rc6 35. Ra2 Kf8 36. Re2 Re8 37. Ne5 Rd6 38. Rd3 Ree6 39. Ra2 Ra6 40. Re2 Ke7 41. Kf3 1/2-1/2